000
00304nam a22001337a 4500
999
_c
529572
_d
529572
003
NUST
038
_a
MSOHAIL
082
_a
0
100
_a
Shaw L. Yu
_9
21878
245
_a
Storm water management for transportation
260
_a
Washington
_b
TRB
_c
1991
300
_a
81,p;
_c
28cm
_e
p/b
942
_2
ddc
_c
BK